चाँद / (Record no. 52795)

MARC details
000 -LEADER
fixed length control field 01168nam a22002657a 4500
005 - DATE AND TIME OF LATEST TRANSACTION
control field 20080905121451.0
008 - FIXED-LENGTH DATA ELEMENTS--GENERAL INFORMATION
fixed length control field 110608t xxu||||| |||| 00| 0 hin d
010 ## - LCCN (DPL NO)
LC control number HIN-92881
020 ## - INTERNATIONAL STANDARD BOOK NUMBER
Terms of availability 150.00
International Standard Book Number 9788189531126
035 ## - SYSTEM CONTROL NUMBER
System control number HN-65227
037 ## - SOURCE OF ACQUISITION
Source of stock number/acquisition DBAD / PUB
040 ## - CATALOGING SOURCE
Original cataloging agency DPL
Language of cataloging HN
082 ## - DEWEY DECIMAL CLASSIFICATION NUMBER
Classification number 821
100 ## - MAIN ENTRY--PERSONAL NAME
Personal name बुद्धिराजा, राज
9 (RLIN) 28442
245 ## - TITLE STATEMENT
Title चाँद /
Statement of responsibility, etc राज बुद्धिराजा
246 ## - VARYING FORM OF TITLE
Title proper/short title Chand
Remainder of title by Raj Budhiraja
260 ## - PUBLICATION, DISTRIBUTION, ETC. (IMPRINT)
Place of publication, distribution, etc नई दिल्ली
Name of publisher, distributor, etc तेज प्रकाशन
Date of publication, distribution, etc 2010
270 ## - ADDRESS
Address 98, शक्ति भवन, दरियागंज
City नई दिल्ली
Postal code 110002
Telephone number 011- 43528469
Fax number 011- 23258802
Electronic mail address tejprakashan@gmail.com
300 ## - PHYSICAL DESCRIPTION
Extent 64पृ
Dimensions 22सेमी (सजिल्द)
Other physical details सचित्र
650 ## - SUBJECT ADDED ENTRY--TOPICAL TERM
9 (RLIN) 28443
Topical term or geographic name as entry element हिन्दी कविता
650 ## - SUBJECT ADDED ENTRY--TOPICAL TERM
9 (RLIN) 28455
Topical term or geographic name as entry element Hindi Poetry
700 ## - ADDED ENTRY--PERSONAL NAME
9 (RLIN) 28521
942 ## - ADDED ENTRY ELEMENTS (KOHA)
Institution code [OBSOLETE] dpl
Item type Hindi Books
Source of classification or shelving scheme Dewey Decimal Classification
Call number suffix बुद्धिरा
Classification part 821
Holdings
Withdrawn status Lost status Source of classification or shelving scheme Damaged status Not for loan Collection code Home library Current library Date acquired Source of acquisition Cost, normal purchase price Total Checkouts Full call number Barcode Date last seen Copy number Cost, replacement price Koha item type
    Dewey Decimal Classification   Not For Loan Non-fiction D.B.Act.Division D.B.Act.Division 08/06/2011 DBAD / PUB 150.00   821 बुद्धिरा HN-65227 08/06/2011 1 150.00 Hindi Books

© Delhi Public Library
Hit Counter
free hit counter